Historia de la conflagración mundial 1914-1918 (Record no. 141545)

MARC details
000 -LEADER
campo de control de longitud fija 00598nam a2200169 i 4500
001 - NÚMERO DE CONTROL
campo de control 141545
003 - IDENTIFICADOR DE NÚMERO DE CONTROL
campo de control ES-MaACL
005 - FECHA Y HORA DE LA ÚLTIMA TRANSACCIÓN
campo de control 20230906200321.0
007 - CAMPO FIJO DE DESCRIPCIÓN FÍSICA--INFORMACIÓN GENERAL
campo de control de longitud fija t|
008 - DATOS DE LONGITUD FIJA--INFORMACIÓN GENERAL
campo de control de longitud fija 070925s1922 gw ||||1| spa d
100 1# - ENTRADA PRINCIPAL--NOMBRE DE PERSONA
Nombre de persona Volkmann, E. O.
9 (RLIN) 115698
245 10 - MENCIÓN DEL TÍTULO
Título Historia de la conflagración mundial 1914-1918
Resto del título : relación sucinta a base de fuentes oficiales del archivo imperial /
Mención de responsabilidad, etc. por Erich Otto Volkmann ; versión española por Amadeo Maurel.
260 ## - PUBLICACIÓN, DISTRIBUCIÓN, ETC.
Lugar de publicación, distribución, etc. Berlin :
Nombre del editor, distribuidor, etc. Edit. Internacional,
Fecha de publicación, distribución, etc. 1922.
300 ## - DESCRIPCIÓN FÍSICA
Extensión 261 p. ;
Dimensiones 23 cm.
700 1# - ENTRADA AGREGADA--NOMBRE PERSONAL
Nombre de persona Maurel, Amadeo.
9 (RLIN) 79234
852 ## - LOCALIZACIÓN
Ubicación ES-MaACL
Número de control de estantería D-559
Holdings
Estatus retirado Estado de pérdida Estado de daño No para préstamo Biblioteca de origen Biblioteca actual Ubicación en estantería Fecha de adquisición Fuente de adquisición Total de préstamos Signatura topográfica completa Código de barras Visto por última vez Precio de reemplazo Tipo de ítem Koha
        Biblioteca del Ateneo de Madrid Biblioteca del Ateneo de Madrid Sala Valle Inclán 17/01/2008     D-559 901147281 23/02/2023 23/02/2023 Libro impreso